| 000 | 00469nam a22001577a 4500 | ||
|---|---|---|---|
| 005 | 20251108165957.0 | ||
| 008 | 250721s1997 xx 000 0 ara d | ||
| 082 | 1 | 4 | _aق/عوض |
| 100 | 1 | _aعوض، أحمد رفيق | |
| 245 | 1 | 0 |
_aمقامات العشاق والتجار : _bرواية / |
| 264 | 1 |
_aنابلس : _bدار الفاروق للثقافة والنشر، _c1997. |
|
| 300 | _a131ص | ||
| 650 | 1 | 7 | _aالرواية |
| 942 |
_2ddc _cBK |
||
| 999 |
_c36412 _d36412 |
||